00897cam a2200241 a 450000100100000000500170001000800410002702000150006804000180008308200200010110000440012124500620016526000540022730000210028149000420030249000110034465000340035565000370038983000570042691000340048395201230051799900150064000000808820200929154428.0040331s2000 pr 000 1 spa  a1563281961 aDO-SdBNPcDLC aPR863.44bL358h1 aLa Torre Lagares, Elidio,d1965-92199210aHistoria de un dios pequeño /cElidio La Torre Lagares. aRío Piedras, Puerto Rico :bPlaza Mayor,c2000. a284 p. ;c21 cm.1 aBiblioteca de autores de Puerto Rico.1 aNovela 4aNovela puertorriqueña91185 4aLiteratura puertorriqueña9250 0aBiblioteca de autores de Puerto Rico.pNovela921993 aCatalogación por copia / LC 001052708MOaGRbGRcCTd2009-09-14iLF1l0oPR863.44 L358hp8088-10r2020-06-25w2020-06-25y2ZPréstamo interno c7865d7865